[Event "Rome Accademia Winter"]
[Site "Rome"]
[Date "2010.02.13"]
[Round "3"]
[White "Granitto, Francesco"]
[Black "Guiducci, Antonio"]
[Result "1-0"]
[WhiteElo "1425"]
[BlackElo "1335"]
[PlyCount "79"]
[EventDate "2010.02.12"]
[EventType "swiss"]
[EventRounds "5"]
[EventCountry "ITA"]
[SourceTitle "EXT 2024"]
[Source "ChessBase"]
[SourceDate "2023.10.10"]
[SourceVersion "1"]
[SourceVersionDate "2023.10.10"]
[SourceQuality "1"]

1. e4 c6 2. d4 d5 3. e5 Bf5 4. Bd3 Bg6 5. Bxg6 hxg6 6. Nf3 e6 7. 0-0 Nd7 8. Qd3 c5 9. c3 a6 10. Ng5 Nh6 11. Nxe6 Qb6 12. Nf4 Qc6 13. Re1 0-0-0 14. Bd2 Re8 15. Qe2 g5 16. Nh3 g4 17. Nf4 g5 18. Nd3 Qg6 19. g3 Qh5 20. Qf1 Nf5 21. Qg2 Ne7 22. Na3 Bg7 23. Nc2 c4 24. Nc1 Rh6 25. b3 b5 26. bxc4 bxc4 27. a3 Reh8 28. Kf1 Qg6 29. Ne3 Rxh2 30. Nxd5 Nxd5 31. Qxd5 Nb6 32. Qd6 Rh1+ 33. Ke2 Rxe1+ 34. Bxe1 Qe4+ 35. Kd2 Rh1 36. Qc5+ Kd7 37. Qxb6 Rxe1 38. Rb1 Rh1 39. Qd6+ Kc8 40. Rb8# 1-0

[Event "Rome Accademia Winter"]
[Site "Rome"]
[Date "2010.02.12"]
[Round "1"]
[White "Bolla, Vittorio"]
[Black "Guiducci, Antonio"]
[Result "1-0"]
[WhiteElo "1786"]
[BlackElo "1335"]
[PlyCount "105"]
[EventDate "2010.02.12"]
[EventType "swiss"]
[EventRounds "5"]
[EventCountry "ITA"]
[SourceTitle "EXT 2024"]
[Source "ChessBase"]
[SourceDate "2023.10.10"]
[SourceVersion "1"]
[SourceVersionDate "2023.10.10"]
[SourceQuality "1"]

1. e4 c6 2. d4 d5 3. f3 e6 4. Nc3 c5 5. Be3 Qb6 6. Bb5+ Nc6 7. dxc5 Bxc5 8. Bxc5 Qxc5 9. Qd2 d4 10. Bxc6+ bxc6 11. 0-0-0 e5 12. Na4 Qb5 13. b3 f6 14. c4 Qb7 15. Qa5 Ne7 16. Nc5 Qb6 17. Qa3 Ng6 18. Nd3 Kf7 19. Ne2 Bd7 20. h3 Rhc8 21. Rhf1 c5 22. f4 Kg8 23. fxe5 fxe5 24. Rf2 Be8 25. Rdf1 a5 26. Nxe5 Bc6 27. Nxc6 Qxc6 28. Ng3 Ne5 29. Kd2 Qh6+ 30. Kd1 Qe3 31. Nf5 Qg5 32. Qc1 Qh5+ 33. g4 Qxh3 34. Ne7+ Kh8 35. Nxc8 Qxg4+ 36. Kc2 Qxe4+ 37. Kb2 Nd3+ 38. Ka3 Nxf2 39. Rxf2 Rxc8 40. Qf4 Qe7 41. Qf5 Rd8 42. Rf3 Kg8 43. Rh3 g6 44. Qd3 Rd6 45. Qd2 Re6 46. Qxa5 Re3 47. Rh1 d3 48. Qa8+ Kg7 49. Rh2 g5 50. Qa6 Qf6 51. Rxh7+ Kxh7 52. Qxf6 d2 53. Qd6 1-0